| 000 | 00000nam##2200000za#4500 |
| 001 | 9.574560 |
| 003 | CaOODSP |
| 005 | 20210624184237 |
| 007 | cr ||||||||||| |
| 008 | 150406|2002||||xxc|||||o f|0| 0 eng|d |
| 040 | |aCaOODSP|beng |
| 043 | |an-cn--- |
| 086 | 1 |aEn49-24/1-54E-IN |
| 110 | 1 |aCanada.|bEnvironment Canada. |bEnvironmental Technology Centre. |
| 245 | 10|aBiological test method - reference method for determining the toxicity of sediment using luminescent bacteria in a solid-phase test / |h[electronic resource]|c[issued by] Method Development and Applications Section. |
| 260 | |aOttawa - Ontario : |bEnvironment Canada. |cApril 2002. |
| 300 | |a83p.|bglossary, references, tables |
| 490 | 1 |aEnvironmental Protection series. [Reference methods]|vEPS 1/RM/42 |
| 500 | |aThe catalogue number (En49-24/1-54E) and ISBN (0-660-18911-9) for the print edition have been incorrectly copied in this electronic publication. |
| 546 | |a(Résumé en français). |
| 590 | |a12-34-Supp|b2012-07-31 |
| 690 | 07|aAquatic ecosystems|2gcpds |
| 690 | 07|aWater pollution|2gcpds |
| 775 | 08|tMéthode d'essai biologique - méthode de référence servant à déterminer la toxicité des sédiments à l'aide d'une bactérie luminescente dans un essai en phase solide / |w(CaOODSP)9.604302 |
| 830 | #0|aEnvironmental Protection series. [Reference methods]|vEPS 1/RM/42|w(CaOODSP)9.504905 |
| 856 | 40|ahttp://publications.gc.ca|qPDF|s1.27 MB|uhttps://publications.gc.ca/collections/collection_2012/ec/En49-24-1-54-eng.pdf|yEPS 1/RM/42 |